[Event "Storsjodraget 2022"]
[Site "Ostersund"]
[Date "2022.06.11"]
[Round "4"]
[Board "1"]
[White "Nygren, David"]
[Black "Larkin, Vladyslav"]
[Result "0-1"]
[WhiteElo "2182"]
[BlackElo "2430"]
[PlyCount "0"]
[EventDate "2022.06.10"]
[EventRounds "7"]
[EventCountry "SWE"]

1. e4 {[%clk 01:30:45]} {[%emt 00:00:13]} Nf6 {[%clk 01:30:44]} {[%emt
00:00:16]} 2. e5 {[%clk 01:30:55]} {[%emt 00:00:21]} Nd5 {[%clk 01:31:08]}
{[%emt 00:00:06]} 3. c4 {[%clk 01:30:59]} {[%emt 00:00:26]} Nb6 {[%clk
01:31:33]} {[%emt 00:00:05]} 4. d4 {[%clk 01:31:12]} {[%emt 00:00:17]} d6
{[%clk 01:31:58]} {[%emt 00:00:05]} 5. exd6 {[%clk 01:31:23]} {[%emt 00:00:18]}
cxd6 {[%clk 01:32:10]} {[%emt 00:00:19]} 6. Nc3 {[%clk 01:31:27]} {[%emt
00:00:25]} g6 {[%clk 01:32:32]} {[%emt 00:00:08]} 7. a4 {[%clk 01:31:24]}
{[%emt 00:00:33]} Bg7 {[%clk 01:32:31]} {[%emt 00:00:31]} 8. a5 {[%clk
01:30:38]} {[%emt 00:01:16]} N6d7 {[%clk 01:32:55]} {[%emt 00:00:06]} 9. Ra3
{[%clk 01:29:37]} {[%emt 00:01:31]} O-O {[%clk 01:33:06]} {[%emt 00:00:19]} 10.
Nf3 {[%clk 01:29:21]} {[%emt 00:00:47]} Nf6 {[%clk 01:32:24]} {[%emt 00:01:12]}
11. d5 {[%clk 01:26:13]} {[%emt 00:03:38]} e6 {[%clk 01:27:34]} {[%emt
00:05:20]} 12. dxe6 {[%emt 00:04:28]} Bxe6 {[%clk 01:27:53]} 13. Be2 {[%clk
01:21:13]} {[%emt 00:01:43]} Qc8 {[%clk 01:16:25]} {[%emt 00:11:58]} 14. O-O
{[%clk 01:15:23]} {[%emt 00:06:19]} Bxc4 {[%clk 01:08:24]} {[%emt 00:08:30]} 15.
Bxc4 {[%clk 01:13:29]} {[%emt 00:02:24]} Qxc4 {[%clk 01:08:45]} {[%emt
00:00:09]} 16. Qxd6 {[%clk 01:12:09]} {[%emt 00:01:50]} Re8 {[%clk 01:07:01]}
{[%emt 00:02:15]} 17. Ra4 {[%clk 01:09:18]} {[%emt 00:03:20]} Qc6 {[%clk
01:00:14]} {[%emt 00:07:18]} 18. Qxc6 {[%clk 01:03:16]} {[%emt 00:06:31]} Nxc6
{[%clk 01:00:38]} {[%emt 00:00:06]} 19. Bg5 {[%clk 00:58:53]} {[%emt 00:04:54]}
a6 {[%clk 00:59:45]} {[%emt 00:01:22]} 20. Nd2 {[%clk 00:47:47]} {[%emt
00:11:37]} Rad8 {[%clk 00:56:44]} {[%emt 00:03:31]} 21. Nb3 {[%clk 00:43:03]}
{[%emt 00:05:14]} h6 {[%clk 00:56:39]} {[%emt 00:00:35]} 22. Be3 {[%clk
00:40:47]} {[%emt 00:02:45]} Nd5 {[%clk 00:56:27]} {[%emt 00:00:43]} 23. Bd2
{[%clk 00:37:56]} {[%emt 00:03:20]} Nxc3 {[%clk 00:53:28]} {[%emt 00:03:29]} 24.
Bxc3 {[%clk 00:37:57]} {[%emt 00:00:30]} Bxc3 {[%clk 00:53:50]} {[%emt
00:00:08]} 25. bxc3 {[%clk 00:38:24]} {[%emt 00:00:02]} Re5 {[%clk 00:53:51]}
{[%emt 00:00:29]} 26. g3 {[%clk 00:34:32]} {[%emt 00:04:22]} Rd3 {[%clk
00:53:19]} {[%emt 00:01:02]} 27. Rc1 {[%clk 00:33:10]} {[%emt 00:01:51]} Rb5
{[%clk 00:47:52]} {[%emt 00:05:58]} 28. Ra3 {[%clk 00:31:58]} {[%emt 00:01:42]}
Ne5 {[%clk 00:41:10]} {[%emt 00:07:12]} 29. Nd4 {[%clk 00:28:07]} {[%emt
00:04:20]} Rc5 {[%clk 00:39:54]} {[%emt 00:01:47]} 30. Rb1 {[%clk 00:26:38]}
{[%emt 00:01:57]} Nc4 {[%clk 00:37:03]} {[%emt 00:03:23]} 31. Ra2 {[%clk
00:21:02]} {[%emt 00:06:06]} Rxa5 {[%clk 00:34:43]} {[%emt 00:02:50]} 32. Re2
{[%clk 00:19:51]} {[%emt 00:01:42]} b5 {[%clk 00:23:21]} {[%emt 00:11:51]} 33.
Rbe1 {[%clk 00:15:08]} {[%emt 00:05:13]} Ra3 {[%clk 00:23:03]} {[%emt
00:00:47]} 34. Re8+ {[%clk 00:14:46]} {[%emt 00:00:52]} Kg7 {[%clk 00:23:30]}
{[%emt 00:00:04]} 35. R1e7 {[%clk 00:14:12]} {[%emt 00:01:02]} Raxc3 {[%clk
00:23:21]} {[%emt 00:00:41]} 36. Rd7 {[%clk 00:11:01]} {[%emt 00:03:42]} Rc1+
{[%clk 00:16:56]} {[%emt 00:06:55]} 37. Kg2 {[%clk 00:11:12]} {[%emt 00:00:18]}
Rcd1 {[%clk 00:17:21]} {[%emt 00:00:05]} 38. Re4 {[%clk 00:07:30]} {[%emt
00:04:12]} Ne5 {[%clk 00:12:38]} {[%emt 00:05:13]} 39. Ne6+ {[%clk 00:03:15]}
{[%emt 00:04:44]} Kf6 {[%clk 00:12:56]} {[%emt 00:00:14]} 40. Rxd3 {[%clk
00:02:33]} {[%emt 00:01:12]} Nxd3 {[%clk 00:13:18]} {[%emt 00:00:07]} 41. Nc7
{[%clk 00:02:41]} {[%emt 00:00:22]} Nc5 {[%clk 00:13:15]} {[%emt 00:00:33]} 42.
Ne8+ {[%clk 00:02:48]} {[%emt 00:00:23]} Kf5 {[%clk 00:13:27]} {[%emt
00:00:18]} 43. Re7 {[%clk 00:02:39]} {[%emt 00:00:39]} Rd7 {[%clk 00:12:49]}
{[%emt 00:01:09]} 44. Re3 {[%clk 00:02:52]} {[%emt 00:00:16]} g5 {[%clk
00:09:39]} {[%emt 00:03:40]} 45. Rf3+ {[%clk 00:02:28]} {[%emt 00:00:54]} Ke5
{[%clk 00:09:21]} {[%emt 00:00:47]} 46. Rf6 {[%clk 00:01:59]} {[%emt 00:01:00]}
b4 {[%clk 00:08:29]} {[%emt 00:01:22]} 47. Rc6 {[%clk 00:01:23]} {[%emt
00:01:06]} Kd4 {[%clk 00:08:29]} {[%emt 00:00:30]} 48. Nf6 {[%clk 00:01:07]}
{[%emt 00:00:47]} Rb7 {[%clk 00:08:47]} {[%emt 00:00:11]} 49. Ne8 {[%clk
00:00:32]} {[%emt 00:01:05]} b3 {[%clk 00:08:44]} {[%emt 00:00:33]} 50. Rd6+
{[%clk 00:01:00]} {[%emt 00:00:03]} Ke5 {[%emt 00:00:59]}  0-1

[Event "Storsjodraget 2022"]
[Site "Ostersund"]
[Date "2022.06.11"]
[Round "5"]
[Board "5"]
[White "Roulet-Dubonnet, Emerik Vapenstad"]
[Black "Stromhaug, Kristoffer Wang"]
[Result "1-0"]
[WhiteElo "2118"]
[BlackElo "1828"]
[PlyCount "0"]
[EventDate "2022.06.10"]
[EventRounds "7"]
[EventCountry "SWE"]

1. c4 {[%clk 01:27:40]} {[%emt 00:03:19]} c6 {[%clk 01:30:51]} {[%emt
00:00:09]} 2. d4 {[%clk 01:25:16]} {[%emt 00:02:53]} d5 {[%clk 01:31:16]}
{[%emt 00:00:06]} 3. cxd5 {[%clk 01:25:40]} {[%emt 00:00:05]} cxd5 {[%clk
01:31:40]} {[%emt 00:00:06]} 4. Nc3 {[%clk 01:26:04]} {[%emt 00:00:06]} Nf6
{[%clk 01:30:34]} {[%emt 00:01:37]} 5. f3 {[%clk 01:26:25]} {[%emt 00:00:08]}
e6 {[%clk 01:29:37]} {[%emt 00:01:27]} 6. e4 {[%clk 01:26:26]} {[%emt
00:00:29]} dxe4 {[%clk 01:28:14]} {[%emt 00:01:54]} 7. fxe4 {[%clk 01:26:49]}
{[%emt 00:00:06]} Bb4 {[%clk 01:27:53]} {[%emt 00:00:52]} 8. Qd3 {[%clk
01:27:12]} {[%emt 00:00:07]} Nc6 {[%clk 01:21:02]} {[%emt 00:07:21]} 9. Nf3
{[%clk 01:27:13]} {[%emt 00:00:28]} O-O {[%clk 01:15:49]} {[%emt 00:05:44]} 10.
Bg5 {[%clk 01:24:52]} {[%emt 00:02:50]} Be7 {[%clk 01:13:56]} {[%emt 00:02:23]}
11. Be2 {[%clk 01:19:26]} {[%emt 00:05:54]} b6 {[%clk 01:10:35]} {[%emt
00:03:54]} 12. O-O {[%clk 01:18:21]} {[%emt 00:01:33]} Bb7 {[%clk 01:09:53]}
{[%emt 00:01:14]} 13. Kh1 {[%clk 01:17:13]} {[%emt 00:01:37]} Nb4 {[%clk
01:07:05]} {[%emt 00:03:18]} 14. Qb1 {[%clk 01:16:04]} {[%emt 00:01:38]} Nfd5
{[%clk 01:00:44]} {[%emt 00:06:52]} 15. Bd2 {[%clk 01:13:44]} {[%emt 00:02:47]}
Nf6 {[%clk 00:57:29]} {[%emt 00:03:49]} 16. a3 {[%clk 01:10:20]} {[%emt
00:03:54]} Na6 {[%clk 00:55:26]} {[%emt 00:02:33]} 17. Be3 {[%clk 01:09:09]}
{[%emt 00:01:39]} Nc7 {[%clk 00:47:04]} {[%emt 00:08:54]} 18. Bg1 {[%clk
01:01:41]} {[%emt 00:07:57]} b5 {[%clk 00:45:02]} {[%emt 00:02:33]} 19. Bd3
{[%clk 00:57:44]} {[%emt 00:04:25]} b4 {[%clk 00:38:10]} {[%emt 00:07:24]} 20.
axb4 {[%clk 00:57:03]} {[%emt 00:01:10]} Bxb4 {[%clk 00:32:30]} {[%emt
00:06:10]} 21. e5 {[%clk 00:56:19]} {[%emt 00:01:15]} Nh5 {[%clk 00:29:14]}
{[%emt 00:03:45]} 22. Bxh7+ {[%clk 00:56:03]} {[%emt 00:00:45]} Kh8 {[%clk
00:29:42]} {[%emt 00:00:04]} 23. Ne4 {[%clk 00:53:22]} {[%emt 00:03:11]} g6
{[%clk 00:27:41]} {[%emt 00:02:30]} 24. Bxg6 {[%clk 00:48:43]} {[%emt
00:05:08]} fxg6 {[%clk 00:25:10]} {[%emt 00:03:03]} 25. Neg5 {[%clk 00:48:57]}
{[%emt 00:00:15]} Bxf3 {[%clk 00:24:39]} {[%emt 00:01:02]} 26. Qxg6 {[%clk
00:48:14]} {[%emt 00:01:11]} Qe7 {[%clk 00:23:46]} {[%emt 00:01:23]} 27. Rxf3
{[%clk 00:46:25]} {[%emt 00:02:19]} Nf4 {[%clk 00:22:54]} {[%emt 00:01:23]} 28.
Qh6+ {[%clk 00:45:52]} {[%emt 00:01:03]} Kg8 {[%clk 00:23:20]} {[%emt
00:00:04]} 29. Rg3 {[%clk 00:43:39]} {[%emt 00:02:43]}  1-0

[Event "Storsjodraget 2022"]
[Site "Ostersund"]
[Date "2022.06.11"]
[Round "4"]
[Board "2"]
[White "Akesson, Ralf"]
[Black "Roulet-Dubonnet, Emerik Vapenstad"]
[Result "1-0"]
[WhiteElo "2421"]
[BlackElo "2118"]
[PlyCount "0"]
[EventDate "2022.06.10"]
[EventRounds "7"]
[EventCountry "SWE"]

1. d4 {[%clk 01:30:51]} {[%emt 00:00:07]} Nf6 {[%clk 01:30:40]} {[%emt
00:00:21]} 2. c4 {[%clk 01:31:04]} {[%emt 00:00:18]} e6 {[%clk 01:31:01]}
{[%emt 00:00:08]} 3. Nc3 {[%clk 01:31:02]} {[%emt 00:00:32]} Bb4 {[%clk
01:31:24]} {[%emt 00:00:06]} 4. e3 {[%clk 01:31:09]} {[%emt 00:00:24]} O-O
{[%clk 01:31:44]} {[%emt 00:00:10]} 5. Bd3 {[%clk 01:30:43]} {[%emt 00:00:56]}
d5 {[%clk 01:32:05]} {[%emt 00:00:08]} 6. cxd5 {[%clk 01:29:35]} {[%emt
00:01:39]} exd5 {[%clk 01:32:15]} {[%emt 00:00:20]} 7. Nge2 {[%clk 01:29:54]}
{[%emt 00:00:11]} Bd6 {[%clk 01:32:19]} {[%emt 00:00:25]} 8. Bd2 {[%clk
01:28:28]} {[%emt 00:01:56]} b6 {[%clk 01:32:37]} {[%emt 00:00:12]} 9. f3
{[%clk 01:17:45]} {[%emt 00:11:13]} c5 {[%clk 01:32:33]} {[%emt 00:00:34]} 10.
O-O {[%clk 01:17:37]} {[%emt 00:00:39]} Re8 {[%clk 01:29:06]} {[%emt 00:03:56]}
11. Kh1 {[%clk 01:12:52]} {[%emt 00:05:16]} Bb7 {[%clk 01:23:41]} {[%emt
00:05:54]} 12. Qe1 {[%clk 01:08:30]} {[%emt 00:04:53]} Ba6 {[%clk 01:18:29]}
{[%emt 00:05:43]} 13. Bb5 {[%clk 01:04:59]} {[%emt 00:04:00]} Bxb5 {[%clk
01:15:50]} {[%emt 00:03:09]} 14. Nxb5 {[%clk 01:05:20]} {[%emt 00:00:09]} Bf8
{[%clk 01:16:04]} {[%emt 00:00:16]} 15. dxc5 {[%emt 00:05:11]} bxc5 {[%clk
01:13:56]} {[%emt 00:00:03]} 16. Ba5 {[%clk 01:01:19]} {[%emt 00:02:25]} Qd7
{[%clk 01:12:31]} {[%emt 00:01:55]} 17. Nc7 {[%clk 01:01:37]} {[%emt 00:00:12]}
Rxe3 {[%clk 01:10:19]} {[%emt 00:02:42]} 18. Nxa8 {[%clk 01:01:54]} {[%emt
00:00:13]} Qe7 {[%clk 00:57:10]} {[%emt 00:13:39]} 19. Rf2 {[%clk 01:01:03]}
{[%emt 00:01:21]} Nc6 {[%clk 00:57:34]} {[%emt 00:00:06]} 20. Bd2 {[%clk
00:56:28]} {[%emt 00:05:05]} Re6 {[%clk 00:57:00]} {[%emt 00:01:02]} 21. Qd1
{[%clk 00:54:38]} {[%emt 00:02:22]} Qb7 {[%clk 00:56:29]} {[%emt 00:00:59]} 22.
Bg5 {[%clk 00:52:50]} {[%emt 00:02:20]} d4 {[%clk 00:28:43]} {[%emt 00:28:16]}
23. Nf4 {[%clk 00:49:30]} {[%emt 00:03:50]} Re5 {[%clk 00:26:11]} {[%emt
00:03:01]} 24. Bxf6 {[%clk 00:49:25]} {[%emt 00:00:35]} gxf6 {[%clk 00:26:40]}
{[%emt 00:00:01]} 25. Nd3 {[%clk 00:47:36]} {[%emt 00:02:19]} Re6 {[%clk
00:23:31]} {[%emt 00:03:40]} 26. Rc1 {[%clk 00:43:11]} {[%emt 00:04:55]} Qxa8
{[%clk 00:19:14]} {[%emt 00:04:47]} 27. Nxc5 {[%clk 00:43:22]} {[%emt
00:00:18]} Re3 {[%clk 00:16:49]} {[%emt 00:02:53]} 28. Ne4 {[%clk 00:34:26]}
{[%emt 00:09:28]} f5 {[%clk 00:14:02]} {[%emt 00:03:18]} 29. Nf6+ {[%clk
00:31:34]} {[%emt 00:03:22]} Kh8 {[%clk 00:13:28]} {[%emt 00:01:04]} 30. f4
{[%clk 00:28:53]} {[%emt 00:03:11]} Re6 {[%clk 00:13:05]} {[%emt 00:00:53]} 31.
Nh5 {[%clk 00:28:32]} {[%emt 00:00:51]} Qd8 {[%clk 00:12:50]} {[%emt 00:00:44]}
32. Ng3 {[%clk 00:22:28]} {[%emt 00:06:34]} Qd5 {[%clk 00:07:29]} {[%emt
00:05:50]} 33. Qf3 {[%clk 00:18:10]} {[%emt 00:04:48]} Qb5 {[%clk 00:07:16]}
{[%emt 00:00:43]} 34. h3 {[%clk 00:13:02]} {[%emt 00:05:40]} Ne7 {[%clk
00:06:55]} {[%emt 00:00:51]} 35. Rd2 {[%clk 00:11:34]} {[%emt 00:01:57]} Re3
{[%clk 00:05:41]} {[%emt 00:01:45]} 36. Qf2 {[%clk 00:10:48]} {[%emt 00:01:16]}
Qd5 {[%clk 00:05:06]} {[%emt 00:01:05]} 37. Qxe3 {[%clk 00:08:43]} {[%emt
00:02:35]} dxe3 {[%clk 00:05:34]} {[%emt 00:00:02]} 38. Rxd5 {[%clk 00:09:01]}
{[%emt 00:00:11]} Nxd5 {[%clk 00:06:02]} {[%emt 00:00:02]} 39. Nxf5 {[%clk
00:09:03]} {[%emt 00:00:29]} Kg8 {[%clk 00:05:11]} {[%emt 00:01:21]} 40. g3
{[%clk 00:08:32]} {[%emt 00:01:00]} f6 {[%clk 00:05:36]} {[%emt 00:00:05]} 41.
Kg2 {[%clk 00:08:48]} {[%emt 00:00:15]} Bb4 {[%clk 00:05:51]} {[%emt 00:00:14]}
42. Kf3 {[%clk 00:08:52]} {[%emt 00:00:26]} Bd2 {[%clk 00:06:13]} {[%emt
00:00:08]} 43. Rc5 {[%clk 00:08:54]} {[%emt 00:00:28]} Nxf4 {[%clk 00:05:28]}
{[%emt 00:01:17]} 44. gxf4 {[%clk 00:09:08]} {[%emt 00:00:15]}  1-0

[Event "Storsjodraget 2022"]
[Site "Ostersund"]
[Date "2022.06.11"]
[Round "5"]
[Board "6"]
[White "Sian, Shadi"]
[Black "Madebrink, Lars"]
[Result "1-0"]
[WhiteElo "1935"]
[BlackElo "2109"]
[PlyCount "0"]
[EventDate "2022.06.10"]
[EventRounds "7"]
[EventCountry "SWE"]

1. d4 {[%clk 01:30:54]} {[%emt 00:00:04]} Nf6 {[%clk 01:30:50]} {[%emt
00:00:11]} 2. c4 {[%clk 01:31:00]} {[%emt 00:00:25]} g6 {[%clk 01:31:09]}
{[%emt 00:00:10]} 3. Nc3 {[%clk 01:31:01]} {[%emt 00:00:28]} Bg7 {[%clk
01:31:31]} {[%emt 00:00:08]} 4. e4 {[%clk 01:27:36]} {[%emt 00:03:56]} O-O
{[%clk 01:31:47]} {[%emt 00:00:12]} 5. f4 {[%clk 01:26:48]} {[%emt 00:01:20]}
d6 {[%clk 01:31:39]} {[%emt 00:00:37]} 6. Nf3 {[%clk 01:24:37]} {[%emt
00:02:41]} c5 {[%clk 01:31:53]} {[%emt 00:00:17]} 7. d5 {[%clk 01:24:18]}
{[%emt 00:00:49]} e6 {[%clk 01:31:51]} {[%emt 00:00:31]} 8. Be2 {[%clk
01:22:58]} {[%emt 00:01:50]} exd5 {[%clk 01:31:44]} {[%emt 00:00:37]} 9. cxd5
{[%clk 01:21:55]} {[%emt 00:01:34]} Bg4 {[%clk 01:30:04]} {[%emt 00:02:09]} 10.
O-O {[%clk 01:20:20]} {[%emt 00:02:05]} Re8 {[%clk 01:28:15]} {[%emt 00:02:19]}
11. h3 {[%clk 01:20:07]} {[%emt 00:00:43]} Bxf3 {[%clk 01:28:07]} {[%emt
00:00:40]} 12. Bxf3 {[%clk 01:20:28]} {[%emt 00:00:07]} Nbd7 {[%clk 01:27:05]}
{[%emt 00:01:31]} 13. a4 {[%clk 01:14:00]} {[%emt 00:07:00]} c4 {[%clk
01:24:15]} {[%emt 00:03:19]} 14. Be3 {[%clk 01:13:50]} {[%emt 00:00:39]} Qa5
{[%clk 01:19:50]} {[%emt 00:04:56]} 15. Qe2 {[%clk 01:07:22]} {[%emt 00:06:58]}
Qb4 {[%clk 01:04:48]} {[%emt 00:15:33]} 16. Na2 {[%clk 00:56:52]} {[%emt
00:11:00]} Qa5 {[%clk 01:00:46]} {[%emt 00:04:31]} 17. Nc3 {[%clk 00:56:36]}
{[%emt 00:00:47]} Rec8 {[%clk 00:49:34]} {[%emt 00:11:42]} 18. Kh1 {[%clk
00:43:05]} {[%emt 00:14:01]} a6 {[%clk 00:47:56]} {[%emt 00:02:07]} 19. Bg1
{[%clk 00:34:01]} {[%emt 00:09:35]} Ne8 {[%clk 00:43:35]} {[%emt 00:04:51]} 20.
Bg4 {[%clk 00:34:08]} {[%emt 00:00:23]} Nef6 {[%clk 00:41:01]} {[%emt
00:03:03]} 21. Bf3 {[%clk 00:33:44]} {[%emt 00:00:54]} Qc7 {[%clk 00:40:35]}
{[%emt 00:00:57]} 22. a5 {[%clk 00:29:41]} {[%emt 00:04:33]} Re8 {[%clk
00:40:45]} {[%emt 00:00:19]} 23. Ra4 {[%clk 00:27:56]} {[%emt 00:02:16]} Rac8
{[%clk 00:41:04]} {[%emt 00:00:10]} 24. Rc1 {[%clk 00:28:05]} {[%emt 00:00:22]}
Nc5 {[%clk 00:36:12]} {[%emt 00:05:23]} 25. Rxc4 {[%clk 00:26:21]} {[%emt
00:02:14]} Qxa5 {[%clk 00:36:28]} {[%emt 00:00:13]} 26. b4 {[%clk 00:18:10]}
{[%emt 00:08:41]} Qa3 {[%clk 00:36:37]} {[%emt 00:00:21]} 27. Nb1 {[%clk
00:18:16]} {[%emt 00:00:23]} Ncxe4 {[%clk 00:34:35]} {[%emt 00:02:32]} 28. Rxc8
{[%clk 00:17:41]} {[%emt 00:01:05]} Ng3+ {[%clk 00:34:48]} {[%emt 00:00:17]} 29.
Kh2 {[%clk 00:18:07]} {[%emt 00:00:05]} Nxe2 {[%clk 00:34:54]} {[%emt
00:00:24]} 30. Nxa3 {[%clk 00:18:25]} {[%emt 00:00:11]} Nxc1 {[%clk 00:34:54]}
{[%emt 00:00:31]} 31. Rxc1 {[%clk 00:18:49]} {[%emt 00:00:06]} Ne4 {[%clk
00:34:48]} {[%emt 00:00:36]} 32. Nc4 {[%clk 00:16:08]} {[%emt 00:03:10]} b5
{[%clk 00:34:53]} {[%emt 00:00:26]} 33. Bxe4 {[%clk 00:16:12]} {[%emt
00:00:27]} Rxe4 {[%clk 00:34:55]} {[%emt 00:00:27]} 34. Nxd6 {[%clk 00:16:36]}
{[%emt 00:00:05]} Rxb4 {[%clk 00:35:00]} {[%emt 00:00:26]} 35. Rc8+ {[%clk
00:16:48]} {[%emt 00:00:19]} Bf8 {[%clk 00:35:22]} {[%emt 00:00:07]} 36. Bc5
{[%clk 00:16:51]} {[%emt 00:00:27]} Rxf4 {[%clk 00:35:37]} {[%emt 00:00:16]} 37.
Nb7 {[%clk 00:16:51]} {[%emt 00:00:29]}  1-0

[Event "Storsjodraget 2022"]
[Site "Ostersund"]
[Date "2022.06.11"]
[Round "5"]
[Board "7"]
[White "Pettersson, Tobias"]
[Black "Lind, Jan-Olov"]
[Result "0-1"]
[WhiteElo "2035"]
[BlackElo "2169"]
[PlyCount "0"]
[EventDate "2022.06.10"]
[EventRounds "7"]
[EventCountry "SWE"]

1. d4 {[%clk 01:30:38]} {[%emt 00:00:20]} g6 {[%clk 01:30:44]} {[%emt
00:00:17]} 2. e4 {[%clk 01:28:56]} {[%emt 00:02:12]} Bg7 {[%clk 01:30:56]}
{[%emt 00:00:19]} 3. Nf3 {[%clk 01:27:09]} {[%emt 00:02:16]} d6 {[%clk
01:30:41]} {[%emt 00:00:46]} 4. h3 {[%clk 01:26:11]} {[%emt 00:01:27]} Nf6
{[%clk 01:27:00]} {[%emt 00:04:11]} 5. Nc3 {[%clk 01:26:06]} {[%emt 00:00:35]}
O-O {[%clk 01:26:54]} {[%emt 00:00:36]} 6. Be2 {[%clk 01:26:25]} {[%emt
00:00:10]} c6 {[%clk 01:21:55]} {[%emt 00:05:31]} 7. a4 {[%clk 01:26:26]}
{[%emt 00:00:28]} Qc7 {[%clk 01:17:44]} {[%emt 00:04:42]} 8. O-O {[%clk
01:25:48]} {[%emt 00:01:07]} e5 {[%clk 01:14:13]} {[%emt 00:04:01]} 9. Re1
{[%clk 01:20:59]} {[%emt 00:05:18]} a5 {[%clk 01:11:41]} {[%emt 00:03:03]} 10.
Bd3 {[%clk 01:13:47]} {[%emt 00:07:41]} Nbd7 {[%clk 01:04:54]} {[%emt
00:07:18]} 11. Ne2 {[%clk 01:11:45]} {[%emt 00:02:31]} d5 {[%clk 00:52:14]}
{[%emt 00:13:11]} 12. dxe5 {[%clk 01:08:51]} {[%emt 00:03:24]} Nxe4 {[%clk
00:52:11]} {[%emt 00:00:33]} 13. Bf4 {[%clk 01:00:46]} {[%emt 00:08:35]} Nxe5
{[%clk 00:50:47]} {[%emt 00:01:54]} 14. c4 {[%clk 00:37:05]} {[%emt 00:24:11]}
Nc5 {[%clk 00:46:51]} {[%emt 00:04:26]} 15. Nxe5 {[%clk 00:31:25]} {[%emt
00:06:11]} Bxe5 {[%clk 00:47:07]} {[%emt 00:00:13]} 16. Bxe5 {[%clk 00:25:08]}
{[%emt 00:06:48]} Qxe5 {[%clk 00:47:30]} {[%emt 00:00:07]} 17. Nc3 {[%clk
00:25:17]} {[%emt 00:00:20]} Qg5 {[%clk 00:40:51]} {[%emt 00:07:08]} 18. cxd5
{[%clk 00:22:07]} {[%emt 00:03:41]} Bxh3 {[%clk 00:40:28]} {[%emt 00:00:54]} 19.
Bf1 {[%clk 00:22:17]} {[%emt 00:00:19]} Bg4 {[%clk 00:38:26]} {[%emt 00:02:31]}
20. f3 {[%clk 00:18:14]} {[%emt 00:04:34]} Bd7 {[%clk 00:35:34]} {[%emt
00:03:22]} 21. Rc1 {[%clk 00:12:21]} {[%emt 00:06:23]} Rfe8 {[%clk 00:32:06]}
{[%emt 00:03:58]} 22. Ne4 {[%clk 00:04:16]} {[%emt 00:08:34]} Nxe4 {[%clk
00:32:08]} {[%emt 00:00:29]} 23. fxe4 {[%clk 00:03:42]} {[%emt 00:01:05]} cxd5
{[%clk 00:25:04]} {[%emt 00:07:34]} 24. Rc5 {[%clk 00:01:43]} {[%emt 00:02:28]}
Qf6 {[%clk 00:16:52]} {[%emt 00:08:42]} 25. e5 {[%clk 00:00:53]} {[%emt
00:01:20]} Qb6 {[%clk 00:14:57]} {[%emt 00:02:24]} 26. Qd4 {[%clk 00:01:13]}
{[%emt 00:00:10]} Bc6 {[%clk 00:12:36]} {[%emt 00:02:51]} 27. Rxd5 {[%clk
00:01:31]} {[%emt 00:00:13]} Qb4 {[%clk 00:12:40]} {[%emt 00:00:26]} 28. Qxb4
{[%clk 00:01:38]} {[%emt 00:00:24]} axb4 {[%clk 00:13:04]} {[%emt 00:00:05]} 29.
Rd4 {[%clk 00:01:46]} {[%emt 00:00:21]} Rxa4 {[%clk 00:13:21]} {[%emt
00:00:14]} 30. Bc4 {[%clk 00:01:47]} {[%emt 00:00:29]} Kg7 {[%clk 00:12:26]}
{[%emt 00:01:25]} 31. Rf1 {[%clk 00:00:50]} {[%emt 00:01:27]} Re7 {[%clk
00:12:35]} {[%emt 00:00:21]} 32. Bb3 {[%clk 00:01:00]} {[%emt 00:00:20]} Ra5
{[%clk 00:12:33]} {[%emt 00:00:31]} 33. e6 {[%clk 00:00:54]} {[%emt 00:00:37]}
fxe6 {[%clk 00:12:37]} {[%emt 00:00:26]} 34. Rxb4 {[%clk 00:01:07]} {[%emt
00:00:18]} Rb5 {[%clk 00:11:57]} {[%emt 00:01:09]} 35. Rxb5 {[%clk 00:01:15]}
{[%emt 00:00:22]} Bxb5 {[%clk 00:12:23]} {[%emt 00:00:05]} 36. Rc1 {[%clk
00:01:36]} {[%emt 00:00:08]} Bc6 {[%clk 00:12:35]} {[%emt 00:00:17]} 37. g3
{[%clk 00:02:01]} {[%emt 00:00:06]} Kf6 {[%clk 00:10:27]} {[%emt 00:02:38]} 38.
Kf2 {[%clk 00:02:26]} {[%emt 00:00:05]} Rd7 {[%clk 00:10:31]} {[%emt 00:00:26]}
39. Ke3 {[%clk 00:02:45]} {[%emt 00:00:10]} Ke5 {[%clk 00:10:34]} {[%emt
00:00:28]} 40. Rc5+ {[%clk 00:02:53]} {[%emt 00:00:22]} Bd5 {[%clk 00:10:24]}
{[%emt 00:00:40]} 41. Rb5 {[%clk 00:03:01]} {[%emt 00:00:22]} Rf7 {[%clk
00:10:31]} {[%emt 00:00:23]} 42. Bd1 {[%clk 00:03:02]} {[%emt 00:00:30]} Rf1
{[%clk 00:09:55]} {[%emt 00:01:05]} 43. Be2 {[%clk 00:03:09]} {[%emt 00:00:24]}
Rg1 {[%clk 00:10:05]} {[%emt 00:00:19]} 44. g4 {[%clk 00:03:35]} {[%emt
00:00:04]} Rg3+ {[%clk 00:10:11]} {[%emt 00:00:24]} 45. Kd2 {[%clk 00:03:44]}
{[%emt 00:00:20]} Rb3 {[%clk 00:10:17]} {[%emt 00:00:24]} 46. Rxb3 {[%clk
00:03:07]} {[%emt 00:01:08]} Bxb3 {[%clk 00:10:41]} {[%emt 00:00:06]} 47. Ke3
{[%clk 00:03:29]} {[%emt 00:00:08]} Ba4 {[%clk 00:09:55]} {[%emt 00:01:16]} 48.
Bd3 {[%clk 00:03:49]} {[%emt 00:00:10]} Be8 {[%clk 00:09:51]} {[%emt 00:00:34]}
49. g5 {[%clk 00:04:10]} {[%emt 00:00:09]} Bc6 {[%clk 00:10:01]} {[%emt
00:00:21]} 50. b4 {[%clk 00:04:35]} {[%emt 00:00:05]} b6 {[%clk 00:10:05]}
{[%emt 00:00:26]} 51. Bc2 {[%clk 00:04:44]} {[%emt 00:00:20]} Bd5 {[%clk
00:10:12]} {[%emt 00:00:23]} 52. Bd3 {[%clk 00:05:08]} {[%emt 00:00:06]} Bg2
{[%clk 00:09:52]} {[%emt 00:00:50]} 53. Bb1 {[%clk 00:05:05]} {[%emt 00:00:33]}
Bh3 {[%clk 00:10:11]} {[%emt 00:00:10]} 54. Bd3 {[%clk 00:05:25]} {[%emt
00:00:11]} Bf5 {[%clk 00:10:30]} {[%emt 00:00:11]} 55. Bb5 {[%clk 00:05:41]}
{[%emt 00:00:14]} Bb1 {[%clk 00:10:42]} {[%emt 00:00:18]} 56. Be8 {[%clk
00:05:53]} {[%emt 00:00:18]} Kf5 {[%clk 00:10:49]} {[%emt 00:00:23]} 57. Bf7
{[%clk 00:06:08]} {[%emt 00:00:16]} Ba2 {[%clk 00:09:13]} {[%emt 00:02:04]} 58.
Kd4 {[%emt 00:01:58]} Ke5+  0-1